000 00948cam a2200265 a 4500
001 s 41000026
003 DLC
005 20260227111912.0
008 870220s1939 paua 000 0 eng
010 _as 41000026 //r963
040 _aDLC
_cDLC
_dDLC
043 _an-us-ny
050 0 0 _aF128.39
_b.S76 1939
245 0 4 _aThe Story of the Westinghouse Time Capsule.
260 0 _aEast Pittsburgh, Pa. :
_bWestinghouse Electric & Manufacturing Co.,
_c[1939]
300 _a[38] p. :
_bill. ;
_c21 cm.
500 _aCover title: The story of the Time Capsule.
650 0 _aTime capsules
_zNew York (State)
_zNew York.
651 0 _aNew York (N.Y.)
_xAntiquities.
651 0 _aNew York (State)
_xAntiquities.
610 2 0 _aWestinghouse Electric & Manufacturing Company.
710 2 0 _aWestinghouse Electric & Manufacturing Company.
710 2 1 _aFrederic W. Goudy Collection (Library of Congress)
_5DLC
740 0 1 _aStory of the Time Capsule.
999 _c52758
_d52758